Waluty Ameryk - Statystyki

Ogólne statystyki
  • Ten quiz został rozwiązany 10 razy
  • Średni wynik to 42 z 71
Statystyki odpowiedzi
Hint Odpowiedź % Poprawnych
Antigua i Barbuda dolar
100%
Bahamy dolar
100%
Barbados dolar
100%
Belize dolar
100%
Dominika dolar
100%
Grenada dolar
100%
Jamajka dolar
100%
Kanada dolar
100%
Panama dolar
100%
Saint Kitts i Nevis dolar
100%
Saint Lucia dolar
100%
Saint Vincent iGrenadyny dolar
100%
Salwador dolar
100%
Stany Zjednoczone dolar
100%
Trynidad i Tobago dolar
100%
Ekwador dolar
100%
Gujana dolar
100%
Surinam dolar
100%
Dominikana peso
100%
Kuba peso
100%
Meksyk peso
100%
Argentyna peso
100%
Boliwia peso
100%
Chile peso
100%
Kolumbia peso
100%
Urugwaj peso
100%
Brazylia real
63%
Wenezuela boliwar
50%
Antigua i Barbuda cent
50%
Bahamy cent
50%
Barbados cent
50%
Belize cent
50%
Dominika cent
50%
Grenada cent
50%
Jamajka cent
50%
Kanada cent
50%
Saint Kitts i Nevis cent
50%
Saint Lucia cent
50%
Saint Vincent iGrenadyny cent
50%
Salwador cent
50%
Stany Zjednoczone cent
50%
Trynidad i Tobago cent
50%
Ekwador cent
50%
Gujana cent
50%
Surinam cent
50%
Panama balboa
25%
Dominikana centavos
25%
Gwatemala centavos
25%
Honduras centavos
25%
Kuba centavos
25%
Meksyk centavos
25%
Nikaragua centavos
25%
Argentyna centavos
25%
Boliwia centavos
25%
Brazylia centavos
25%
Chile centavos
25%
Kolumbia centavos
25%
Haiti centym
25%
Kostaryka centym
25%
Paragwaj centym
25%
Peru centym
25%
Wenezuela centym
25%
Kostaryka colon
25%
Nikaragua cordoba
25%
Haiti gourde
25%
Gwatemala quetzal
25%
Peru sol
25%
Panama centesimo
13%
Urugwaj centesimo
13%
Paragwaj guarani
13%
Honduras lempira
13%
Nie znaleziono quizów pasujących do podanych kryteriów
Rozkład punktacji
Procent ludzi z każdym wynikiem
Percentyl według liczby udzielonych odpowiedzi
Twoja historia wyników
Nie rozwiązałeś tego quizu